Catálogo
 En Linea

La huella de Oller / (Registro nro. 49565)

Detalles MARC
000 -CABECERA
campo de control de longitud fija 01278nam a22003377a 4500
003 - IDENTIFICADOR DEL NÚMERO DE CONTROL
campo de control OSt
005 - FECHA Y HORA DE LA ÚLTIMA TRANSACCIÓN
campo de control 20210909102956.0
007 - CAMPO FIJO DE DESCRIPCIÓN FÍSICA--INFORMACIÓN GENERAL
campo de control de longitud fija ta
008 - DATOS DE LONGITUD FIJA--INFORMACIÓN GENERAL
campo de control de longitud fija 210315e2020 dr a |||r|||| 001 0 spa d
020 ## - NÚMERO INTERNACIONAL ESTÁNDAR DEL LIBRO
Número Internacional Estándar del Libro 9789945608458
040 ## - FUENTE DE LA CATALOGACIÓN
Centro catalogador/agencia de origen DO-SdBNP
Lengua de catalogación spa
Centro/agencia transcriptor BNPHU
041 ## - CÓDIGO DE LENGUA
Código de lengua original spa
082 ## - NÚMERO DE LA CLASIFICACIÓN DECIMAL DEWEY
Número de documento/Ítem P944h
Número de edición 22
Número de clasificación 759.97295
100 1# - ENTRADA PRINCIPAL--NOMBRE DE PERSONA
Nombre de persona Pérez Ruiz, José Antonio,
Fechas asociadas al nombre 1941-
9 (RLIN) 78134
245 ## - MENCIÓN DE TÍTULO
Título La huella de Oller /
Mención de responsabilidad, etc. José Antonio Pérez Ruiz ; traducción del inglés al francés: Laëtitia Saint-Loubert ; fotos: John Betancourt.
260 ## - PUBLICACIÓN, DISTRIBUCIÓN, ETC.
Lugar de publicación, distribución, etc. San Juan, Puerto Rico :
Nombre del editor, distribuidor, etc. Isla Negra,
Fecha de publicación, distribución, etc. 2020.
300 ## - DESCRIPCIÓN FÍSICA
Extensión 121 p. :
Otras características físicas il. ;
Dimensiones 17 cm.
490 ## - MENCIÓN DE SERIE
Mención de serie Versiones y cegueras.
500 ## - NOTA GENERAL
Nota general Texto en español, ingles y francés
500 ## - NOTA GENERAL
Nota general Incluye datos biográficos del autor en la solapa de la cubierta
504 ## - NOTA DE BIBLIOGRAFÍA, ETC.
Nota de bibliografía, etc. Bibliografía: p. 97-102
546 ## - NOTA DE LENGUA/LENGUAJE
Nota de lengua/lenguaje Traducido en Inglés y en Francés.
590 ## - NOTA LOCAL (RLIN)
Nota local Inventariado, 2021/MFF
600 ## - PUNTO DE ACCESO ADICIONAL DE MATERIA--NOMBRE DE PERSONA
Nombre de persona Oller, Francisco,
Fechas asociadas al nombre 1833-1917
Subdivisión general Crítica e interpretación
9 (RLIN) 79044
650 #4 - PUNTO DE ACCESO ADICIONAL DE MATERIA--TÉRMINO DE MATERIA
Término de materia o nombre geográfico como elemento de entrada Pintores puertorriqueños
Subdivisión cronológica Siglo XIX
9 (RLIN) 79045
700 1# - PUNTO DE ACCESO ADICIONAL--NOMBRE DE PERSONA
Nombre de persona Laètittía Saint-Loubert ,
Término indicativo de función/relación tr.
9 (RLIN) 78135
700 1# - PUNTO DE ACCESO ADICIONAL--NOMBRE DE PERSONA
Nombre de persona Betancourt , John,
Término indicativo de función/relación fots.
9 (RLIN) 78136
830 ## - PUNTO DE ACCESO ADICIONAL DE SERIE-TÍTULO UNIFORME
Título uniforme Versiones y Cegueras.
9 (RLIN) 78137
910 ## - DATOS DE OPCIÓN DEL USUARIO (OCLC)
Datos de opción del usuario Validado. Control de calidad MFF
942 ## - ELEMENTOS DE PUNTO DE ACCESO ADICIONAL (KOHA)
Fuente del sistema de clasificación o colocación Dewey Decimal Classification
Tipo de ítem Koha Libro
Existencias
Estado de retiro Estado de pérdida Fuente del sistema de clasificación o colocación Restricciones de uso No para préstamo Código de colección Localización permanente Ubicación/localización actual Ubicación en estantería Fecha de adquisición Fuente de adquisición Total de préstamos Signatura topográfica completa Código de barras Fecha visto por última vez Precio válido a partir de Tipo de ítem Koha Número de copia
    Dewey Decimal Classification Préstamo en sala   Patrimonio Dominicano Biblioteca Nacional Pedro Henríquez Ureña General Depósito 23.11.2020 Donado por Editora Búho   BNPHU GR 759.97295 P944h 2021-0828 15.03.2021 15.03.2021 Libro y Folleto Colección Patrimonio Dominicano  
    Dewey Decimal Classification Préstamo en sala Préstamo restrigido Patrimonio Dominicano Biblioteca Nacional Pedro Henríquez Ureña General Depósito 23.11.2020 Donado por Editora Búho   BNPHU GR 759.97295 P944h 2021-0829 15.03.2021 15.03.2021 Libro y Folleto Colección Patrimonio Dominicano e.2
    Dewey Decimal Classification Préstamo en sala   Dominicana de Servicio Biblioteca Nacional Pedro Henríquez Ureña General Depósito 23.11.2020 Donado por Editora Búho   BNPHU GR 759.97295 P944h 2021-0830 15.03.2021 15.03.2021 Libro y Folleto Colección Dominicana de Servicio e.3

Con tecnología Koha